000 00472nam a2200193Ia 4500
005 20240823043446.0
008 240823s9999||||xx |||||||||||||| ||und||
020 _a978-81-317-0448-6
041 _aENGLISH
082 _A005.133 P9
100 _aAshok N Kamthane
245 0 _aComputer Programming
250 _a1st
260 _c2009
_bPearson Education Internat
500 _aTRANSFERED
650 _aComputer
_bComputer Science
942 _cBK
999 _c210280
_d210280